000 01197nam a2200337 a 4500
001 000115413
003 CHAP
005 20220329144533.0
008 190520s2018 mx a |sm |||||||spa d
010 _a111874
011 _a112846
040 _cCHAP
090 _aTesis
100 1 _aMendoza Tobón, Adriana.
_9135664
245 1 3 _aLa fertilización orgánica en el rendimiento de avena (Avena sativa L.)
_h[En línea]
_cpor Adriana Mendoza Tobón.
260 _aChapingo, Méx. :
_bEl autor,
_c2018.
500 _aPara ver el contenido del material haga clic en la liga
502 _aTesis (Ing. Agr. Esp. en Fitotecnia) -- UACH. Departamento de Fitotecnia
590 _aBATCH-UPD
_b05
_c20190520
_lUCH01
_h1235
590 _aE11695DGD
_b10
_c20190521
_lUCH01
_h1245
590 _aE6339RRR
_b05
_c20190520
_lUCH01
_h1234
590 _aE6339RRR
_b05
_c20190520
_lUCH01
_h1234
650 1 4 _aAbonos
_xEfecto en avena.
_9135665
650 1 4 _aAgricultura orgánica.
_92005
650 1 4 _aAvena
_xRendimiento.
_98539
650 1 4 _aVermicompost
_xAplicación.
_9134024
856 _aFinding aid
_uhttp://10.13.5.2/tesis/sist115413.pdf
_zTeclea aquí
901 _aBK
942 _cTESIS
942 _n0
999 _c111874
_d111874